[Event "XV Bancpost"]
[Site "Miercurea Ciuc"]
[Date "2012.08.09"]
[Round "8.16"]
[White "Toth, Botond-Artur"]
[Black "Sandor, Tamas"]
[Result "1-0"]
[WhiteElo "1738"]
[BlackElo "1555"]
[PlyCount "79"]
[EventDate "2012.??.??"]

1. e4 e5 2. Nf3 Nc6 3. Bb5 a6 4. Ba4 b5 5. Bb3 Na5 6. O-O Nxb3 7. axb3 d6 8. d4
exd4 9. Nxd4 Bb7 10. Re1 Nf6 11. Nc3 Be7 12. Nf5 O-O 13. Nd5 Bxd5 14. exd5 Re8
15. Qf3 g6 16. Nxe7+ Rxe7 17. Bd2 Rxe1+ 18. Rxe1 Kg7 19. Bc3 h6 20. Re3 g5 21.
Qf5 g4 22. Qxg4+ Kf8 23. Qd4 b4 24. Qxf6 Qxf6 25. Bxf6 Rb8 26. f4 Rb5 27. Rd3
Kg8 28. g4 Kh7 29. f5 Rc5 30. Rd2 a5 31. h4 h5 32. g5 Rb5 33. Kf2 Rc5 34. Ke3
Rb5 35. Kd4 Rb8 36. Re2 Kg8 37. Re7 Rc8 38. g6 fxg6 39. fxg6 Kf8 40. Rh7 1-0

[Event "XV Bancpost"]
[Site "Miercurea Ciuc"]
[Date "2012.08.09"]
[Round "8.17"]
[White "Varga, Adrienn"]
[Black "Szilveszter, Sandor"]
[Result "0-1"]
[WhiteElo "1550"]
[BlackElo "1727"]
[PlyCount "72"]
[EventDate "2012.??.??"]

1. e4 c5 2. Nf3 Nc6 3. d4 cxd4 4. Nxd4 e5 5. Nf5 d6 6. Ng3 Nf6 7. Nc3 h6 8. Be2
Be7 9. Be3 Be6 10. O-O O-O 11. a3 Qd7 12. f3 Rad8 13. Bb5 a6 14. Ba4 d5 15. Bb6
Rc8 16. exd5 Bxd5 17. Re1 Qe6 18. Nxd5 Nxd5 19. Bb3 Bd8 20. Bc5 Nce7 21. Bxe7
Qb6+ 22. Kh1 Nxe7 23. Rxe5 Ng6 24. Re4 Bg5 25. Qe2 Rcd8 26. Nf1 Nf4 27. Qe3 Qf6
28. Qe1 Qxb2 29. h4 Bxh4 30. g3 Bf6 31. Ra2 Nd3 32. cxd3 Qxb3 33. Qe2 Rxd3 34.
Rb4 Qd5 35. Ne3 Rxe3 36. Qxe3 Qxa2 0-1

[Event "XV Bancpost"]
[Site "Miercurea Ciuc"]
[Date "2012.08.09"]
[Round "8.23"]
[White "Fola, Marcel-Dan"]
[Black "Rosca, Grigore"]
[Result "1-0"]
[WhiteElo "1671"]
[BlackElo "1597"]
[PlyCount "117"]
[EventDate "2012.??.??"]

1. Nf3 d5 2. g3 Nc6 3. d3 e5 4. Bg2 Bc5 5. O-O Bb6 6. b3 Be6 7. Bb2 d4 8. c3
Qd7 9. Nbd2 O-O-O 10. Nc4 f6 11. Nxb6+ axb6 12. b4 dxc3 13. Bxc3 Bh3 14. Re1
Bxg2 15. Kxg2 Qg4 16. Qb3 Nh6 17. a4 Nf5 18. h3 Qg6 19. a5 Ncd4 20. Bxd4 Nxd4
21. Nxd4 exd4 22. axb6 f5 23. bxc7 Kxc7 24. Qc4+ Qc6+ 25. Qxc6+ Kxc6 26. Ra5 g6
27. Rc1+ Kb6 28. Rcc5 Rhe8 29. Kf1 Re6 30. Re5 Rc6 31. Rac5 Rcd6 32. f4 Ra8 33.
Rb5+ Kc7 34. Re7+ Kc6 35. Rbxb7 h5 36. Rec7+ Kd5 37. b5 Ra1+ 38. Kf2 Rh1 39.
Kg2 Re1 40. Rc2 Rb1 41. Re7 Re6 42. Rxe6 Kxe6 43. Rc6+ Kd5 44. Rxg6 Rxb5 45.
Rg5 Ke6 46. Rxh5 Rb2 47. Kf2 Rb1 48. g4 fxg4 49. hxg4 Rb8 50. Rh6+ Kd5 51. f5
Rg8 52. Kf3 Re8 53. Re6 Rh8 54. Kg3 Rh1 55. Kg2 Rh4 56. Kg3 Rh1 57. Re4 Rh8 58.
g5 Rh1 59. Kg4 1-0

[Event "XV Bancpost"]
[Site "Miercurea Ciuc"]
[Date "2012.08.09"]
[Round "9.1"]
[White "Serbanescu, Diana-Maria"]
[Black "Orso, Miklos"]
[Result "1/2-1/2"]
[WhiteElo "1936"]
[BlackElo "2353"]
[PlyCount "22"]
[EventDate "2012.??.??"]

1. e4 c5 2. Nf3 e6 3. d4 cxd4 4. Nxd4 a6 5. Nc3 Qc7 6. g3 Bb4 7. Bd2 Nf6 8. Bg2
Nc6 9. Nde2 O-O 10. O-O Be7 11. a4 d6 1/2-1/2

[Event "XV Bancpost"]
[Site "Miercurea Ciuc"]
[Date "2012.08.09"]
[Round "9.2"]
[White "Dicu, Razvan-Stefan"]
[Black "Dulman, Egmond-Gabriel"]
[Result "1/2-1/2"]
[WhiteElo "2217"]
[BlackElo "2090"]
[PlyCount "28"]
[EventDate "2012.??.??"]

1. e4 c6 2. d4 d5 3. exd5 cxd5 4. c4 e6 5. Nc3 Nf6 6. Nf3 Be7 7. cxd5 Nxd5 8.
Bd3 Nc6 9. O-O O-O 10. Bb1 g6 11. Bh6 Re8 12. a3 Bf6 13. Ba2 Nxc3 14. bxc3 Ne7
1/2-1/2

[Event "XV Bancpost"]
[Site "Miercurea Ciuc"]
[Date "2012.08.09"]
[Round "9.3"]
[White "Suket, Mate"]
[Black "Takacs, Balazs"]
[Result "0-1"]
[WhiteElo "1793"]
[BlackElo "2352"]
[PlyCount "83"]
[EventDate "2012.??.??"]

1. e4 c5 2. Nf3 Nc6 3. d4 cxd4 4. Nxd4 Nf6 5. Nxc6 bxc6 6. Bd3 e5 7. Bg5 h6 8.
Bh4 Qb6 9. b3 Be7 10. Bg3 d6 11. O-O Bg4 12. Qd2 Nh5 13. Kh1 O-O 14. Nc3 Bg5
15. Qe1 Qa5 16. Ne2 Nxg3+ 17. fxg3 Bd2 18. Qf2 Qb6 19. Qxb6 axb6 20. Ng1 Bc3
21. Rab1 Rxa2 22. Nf3 b5 23. Nh4 Ra7 24. Nf5 Rd8 25. h3 Bxf5 26. Rxf5 g6 27.
Rf3 Bd4 28. c4 b4 29. Rbf1 Re7 30. Rf6 Kg7 31. g4 Ra7 32. h4 Rdd7 33. g5 hxg5
34. hxg5 Ra8 35. R6f3 Rh8+ 36. Rh3 Be3 37. Rxh8 Kxh8 38. c5 Bxc5 39. Bc4 Kg7
40. Rf6 Be3 41. Bxf7 Rxf7 42. Rxd6 0-1

[Event "XV Bancpost"]
[Site "Miercurea Ciuc"]
[Date "2012.08.09"]
[Round "9.4"]
[White "Vasile, Claudiu-Daniel"]
[Black "Horvath, Imre"]
[Result "1/2-1/2"]
[WhiteElo "2099"]
[BlackElo "2281"]
[PlyCount "95"]
[EventDate "2012.??.??"]

1. e4 c6 2. d4 d5 3. Nc3 dxe4 4. Nxe4 Bf5 5. Ng3 Bg6 6. h4 h6 7. Nf3 Nd7 8. h5
Bh7 9. Bd3 Bxd3 10. Qxd3 Qc7 11. Bd2 Ngf6 12. O-O-O e6 13. Ne4 O-O-O 14. c4 Nc5
15. Nxc5 Bxc5 16. Qc3 Ne4 17. Qe3 Nxd2 18. Rxd2 Bd6 19. g3 Qa5 20. a3 Qf5 21.
Qd3 Qxd3 22. Rxd3 Rhe8 23. Rhd1 Bc7 24. Kc2 Re7 25. b3 b5 26. Ne5 Kb7 27. f4
Bb6 28. R1d2 a6 29. a4 f6 30. Nf3 Ba5 31. Re2 bxc4 32. bxc4 Kc8 33. f5 Kd7 34.
Rb3 Bc7 35. Rb7 Kc8 36. Rb3 Rde8 37. Rbe3 Kd7 38. g4 Bg3 39. Nd2 Bd6 40. Rxe6
Rxe6 41. Rxe6 Rxe6 42. fxe6+ Kxe6 43. Ne4 Bb4 44. Ng3 Kf7 45. Kd3 g6 46. Ke4
gxh5 47. gxh5 Ke6 48. Nf5 1/2-1/2

[Event "XV Bancpost"]
[Site "Miercurea Ciuc"]
[Date "2012.08.09"]
[Round "9.5"]
[White "Cornea, Alexandru"]
[Black "Vrencian, Lehel"]
[Result "0-1"]
[WhiteElo "1872"]
[BlackElo "1900"]
[PlyCount "84"]
[EventDate "2012.??.??"]

1. c4 e5 2. Nc3 Nc6 3. g3 Bc5 4. a3 a5 5. Bg2 Nf6 6. e3 d6 7. Nge2 Bb6 8. O-O
O-O 9. h3 Bf5 10. d3 Qd7 11. Kh2 h6 12. Rb1 Rae8 13. b4 axb4 14. axb4 Nd8 15.
Ba3 Ne6 16. Rc1 Ng5 17. Ng1 c6 18. d4 exd4 19. exd4 Nfe4 20. Nf3 Nxc3 21. Rxc3
Ne4 22. Rc1 Bc7 23. Nh4 Bh7 24. f4 g5 25. fxg5 hxg5 26. Bxe4 Rxe4 27. Ng2 d5
28. Qf3 f5 29. b5 Rf7 30. bxc6 bxc6 31. cxd5 f4 32. g4 cxd5 33. Kh1 Re8 34. Qc3
Bb8 35. Qc6 Qxc6 36. Rxc6 f3 37. Ne1 f2 38. Ng2 Rf3 39. Rh6 Bd3 40. Rh5 Bxf1
41. Rxg5+ Kf7 42. Rf5+ Rxf5 0-1

[Event "XV Bancpost"]
[Site "Miercurea Ciuc"]
[Date "2012.08.09"]
[Round "9.6"]
[White "Osvath, Zoltan"]
[Black "Ilie, Maria-Ruxandra"]
[Result "0-1"]
[WhiteElo "1910"]
[BlackElo "2004"]
[PlyCount "126"]
[EventDate "2012.??.??"]

1. e4 c5 2. Nc3 Nc6 3. g3 g6 4. Bg2 Bg7 5. d3 d6 6. f4 e6 7. Nf3 Nge7 8. O-O
O-O 9. Be3 Nd4 10. Qd2 Rb8 11. Nd1 b5 12. c3 Nxf3+ 13. Bxf3 b4 14. Bf2 a5 15.
Rc1 a4 16. d4 Ba6 17. Re1 a3 18. b3 bxc3 19. Nxc3 c4 20. Be2 Qa5 21. Nb1 Qxd2
22. Nxd2 d5 23. e5 Rfc8 24. Rc3 Bf8 25. Rec1 Nc6 26. bxc4 Bb4 27. R3c2 Na5 28.
Bf1 Bxd2 29. Rxd2 Bxc4 30. Rdc2 Re8 31. Be1 Bxf1 32. Kxf1 Nc4 33. Ke2 Rb5 34.
Bc3 Reb8 35. Kd3 h5 36. h3 Kg7 37. Rg1 Rh8 38. Rgc1 f6 39. exf6+ Kxf6 40. Re2
Nd6 41. Rec2 Ne4 42. Be1 Rhb8 43. Rc6 Rb2 44. R6c2 R2b6 45. Rc7 Rb2 46. R7c2 g5
47. fxg5+ Nxg5 48. h4 Ne4 49. Ke3 Rxc2 50. Rxc2 Rb2 51. Kd3 Rb1 52. Ke2 Kf5 53.
Bd2 Rb2 54. Kd3 Rxc2 55. Kxc2 Nxd2 56. Kxd2 Kg4 57. Kc3 Kxg3 58. Kb3 Kxh4 59.
Kxa3 Kg4 60. Kb4 h4 61. a4 h3 62. a5 h2 63. a6 h1=Q 0-1

[Event "XV Bancpost"]
[Site "Miercurea Ciuc"]
[Date "2012.08.09"]
[Round "9.7"]
[White "Pessi, Emil-George"]
[Black "Ghinea, Constantin"]
[Result "1-0"]
[WhiteElo "2237"]
[BlackElo "1796"]
[PlyCount "37"]
[EventDate "2012.??.??"]

1. e4 e5 2. Nf3 Nc6 3. Bb5 a6 4. Bxc6 dxc6 5. d4 exd4 6. Qxd4 Qxd4 7. Nxd4 Bd7
8. Nc3 O-O-O 9. Be3 Bb4 10. Nde2 h6 11. O-O-O Ne7 12. Na4 b6 13. a3 Bd6 14.
Nxb6+ cxb6 15. Rxd6 Kc7 16. Rhd1 Nc8 17. R6d2 g5 18. Bd4 Rhe8 19. Bf6 1-0

[Event "XV Bancpost"]
[Site "Miercurea Ciuc"]
[Date "2012.08.09"]
[Round "9.8"]
[White "Georgescu, Gabriel-Ioan"]
[Black "Mihaly, Zsolt"]
[Result "1-0"]
[WhiteElo "1998"]
[BlackElo "1652"]
[PlyCount "109"]
[EventDate "2012.??.??"]

1. d4 Nf6 2. c4 g6 3. Nc3 d5 4. Nf3 Bg7 5. Bg5 e6 6. e3 c5 7. cxd5 exd5 8. Bb5+
Bd7 9. Qa4 O-O 10. O-O cxd4 11. Nxd4 Be6 12. Rfd1 Qc7 13. Rac1 Ng4 14. Bf4 Qe7
15. Nxe6 fxe6 16. Bxb8 Nxf2 17. Bg3 Nxd1 18. Rxd1 a6 19. Be2 Qc5 20. Bf2 Rac8
21. Bg4 Rc6 22. Bf3 Bxc3 23. bxc3 Qxc3 24. h3 b5 25. Qg4 Qc4 26. e4 dxe4 27.
Bxe4 Rc7 28. Bd4 Rd7 29. Bxg6 Rxd4 30. Rxd4 Rf1+ 31. Kh2 Qc7+ 32. g3 hxg6 33.
Qxg6+ Kf8 34. Qh6+ Ke7 35. Qg7+ Rf7 36. Qg5+ Ke8 37. Qg6 Ke7 38. h4 Qe5 39.
Rd7+ Kxd7 40. Qxf7+ Kc6 41. h5 Qe2+ 42. Kh3 b4 43. h6 Qxa2 44. h7 Qd5 45. Qe8+
Kc5 46. Qc8+ Kb5 47. h8=Q Qh1+ 48. Kg4 Qe4+ 49. Kh5 Qf5+ 50. Kh4 Qe4+ 51. g4
Qh1+ 52. Kg5 Qd5+ 53. Kh6 Qd2+ 54. g5 Qh2+ 55. Kg6 1-0

[Event "XV Bancpost"]
[Site "Miercurea Ciuc"]
[Date "2012.08.09"]
[Round "9.9"]
[White "Voda, Costel"]
[Black "Camarascu, Radu-Stefan"]
[Result "1-0"]
[WhiteElo "1980"]
[BlackElo "1790"]
[PlyCount "51"]
[EventDate "2012.??.??"]

1. e4 c5 2. Nf3 Nc6 3. d4 cxd4 4. Nxd4 Nf6 5. Nc3 e6 6. Ndb5 Bb4 7. a3 Bxc3+ 8.
Nxc3 d5 9. exd5 exd5 10. Bd3 O-O 11. O-O a6 12. Bg5 Be6 13. f4 h6 14. Bh4 Qb6+
15. Kh1 Ng4 16. f5 Ne3 17. Qh5 Nxf1 18. Rxf1 Nd4 19. fxe6 fxe6 20. Bf2 Rf6 21.
Qd1 Raf8 22. Na4 Qa7 23. Bg1 b5 24. Rxf6 Rxf6 25. c3 bxa4 26. Bxd4 1-0

[Event "XV Bancpost"]
[Site "Miercurea Ciuc"]
[Date "2012.08.09"]
[Round "9.10"]
[White "Banzea, Alexandru-Bogdan"]
[Black "Adam, Andrea"]
[Result "0-1"]
[WhiteElo "1637"]
[BlackElo "1888"]
[PlyCount "66"]
[EventDate "2012.??.??"]

1. e4 e5 2. Nf3 Nc6 3. d4 exd4 4. Bb5 Bb4+ 5. Bd2 Bxd2+ 6. Qxd2 Nge7 7. Nxd4
Nxd4 8. Qxd4 O-O 9. Nc3 d6 10. O-O-O a6 11. Ba4 b5 12. Bb3 c5 13. Qd3 c4 14.
Bxc4 bxc4 15. Qxc4 Qb6 16. Rd2 Be6 17. Qd4 Rab8 18. Qxb6 Rxb6 19. Rhd1 Rd8 20.
b3 h6 21. f3 Rc6 22. Kb2 Rdc8 23. Ne2 d5 24. exd5 Nxd5 25. c4 Ne3 26. Rg1 Bxc4
27. Nd4 Rb6 28. Re1 Nd5 29. Rc1 Ne7 30. Rdc2 Be6 31. Rxc8+ Bxc8 32. Rc7 Rb7 33.
Rc5 Rd7 0-1

[Event "XV Bancpost"]
[Site "Miercurea Ciuc"]
[Date "2012.08.09"]
[Round "9.11"]
[White "Benedek, Istvan"]
[Black "Toth, Botond-Artur"]
[Result "1/2-1/2"]
[WhiteElo "1688"]
[BlackElo "1738"]
[PlyCount "74"]
[EventDate "2012.??.??"]

1. e4 e5 2. Nf3 Nf6 3. Nxe5 d6 4. Nf3 Nxe4 5. d3 Nf6 6. Be2 Be7 7. O-O O-O 8.
Nc3 d5 9. d4 c6 10. Bg5 Bf5 11. Bxf6 Bxf6 12. Bd3 Bg4 13. h3 Bh5 14. Be2 Qb6
15. Na4 Qc7 16. Nc5 Nd7 17. Nxd7 Qxd7 18. c3 Rfe8 19. Re1 Re7 20. Ne5 Bxe5 21.
Bxh5 Bf6 22. Rxe7 Qxe7 23. Qe1 Re8 24. Qxe7 Rxe7 25. Kf1 Bg5 26. Re1 Rxe1+ 27.
Kxe1 g6 28. Be2 f5 29. Kd1 Kf7 30. Kc2 Ke6 31. b3 b6 32. a4 a5 33. Bf3 b5 34.
Be2 b4 35. c4 h6 36. c5 Bf6 37. Kd3 Bh4 1/2-1/2

[Event "XV Bancpost"]
[Site "Miercurea Ciuc"]
[Date "2012.08.09"]
[Round "9.12"]
[White "Szebeni-Janosi, Pal"]
[Black "Ordog, Robert"]
[Result "1/2-1/2"]
[WhiteElo "1812"]
[BlackElo "1875"]
[PlyCount "23"]
[EventDate "2012.??.??"]

1. e4 c5 2. Nf3 Nc6 3. d4 cxd4 4. Nxd4 a6 5. Nc3 g6 6. Be2 Bg7 7. Be3 Nf6 8.
Nxc6 bxc6 9. Rb1 Qa5 10. O-O O-O 11. Qd2 d5 12. Nxd5 1/2-1/2

[Event "XV Bancpost"]
[Site "Miercurea Ciuc"]
[Date "2012.08.09"]
[Round "9.14"]
[White "Szilveszter, Sandor"]
[Black "Kiraly, Ferenc"]
[Result "1/2-1/2"]
[WhiteElo "1727"]
[BlackElo "1836"]
[PlyCount "30"]
[EventDate "2012.??.??"]

1. e4 e5 2. Nf3 Nc6 3. Bc4 Nf6 4. d3 Be7 5. a3 d6 6. h3 a6 7. O-O Na5 8. Ba2 c5
9. Nc3 O-O 10. Bg5 Be6 11. Bxf6 Bxf6 12. Nd5 Bxd5 13. Bxd5 Qc7 14. Rc1 Nc6 15.
Bxc6 Qxc6 1/2-1/2

[Event "XV Bancpost"]
[Site "Miercurea Ciuc"]
[Date "2012.08.09"]
[Round "9.17"]
[White "Bucsoiu, Vlad"]
[Black "Turcuman, Dragos-Mihai"]
[Result "1/2-1/2"]
[WhiteElo "1450"]
[BlackElo "1569"]
[PlyCount "87"]
[EventDate "2012.??.??"]

1. d4 d5 2. c4 e6 3. Nc3 Be7 4. Nf3 Nf6 5. Bg5 h6 6. Bxf6 Bxf6 7. Qc2 c6 8. e3
Nd7 9. Bd3 dxc4 10. Bxc4 O-O 11. O-O Nb6 12. Bd3 Nd5 13. a3 Bd7 14. Ne4 Qe7 15.
Nxf6+ Nxf6 16. Ne5 Rfd8 17. Rac1 Be8 18. Rfd1 Nd7 19. f4 Nxe5 20. dxe5 Qc7 21.
b4 Qb6 22. Qc5 Rd7 23. Kf2 Rad8 24. Qxb6 axb6 25. Be2 Kf8 26. Rxd7 Rxd7 27. Rd1
Ke7 28. Rxd7+ Bxd7 29. Kf3 c5 30. Ke4 Bc6+ 31. Kd3 Bb5+ 32. Kd2 Bxe2 33. Kxe2
Kd7 34. Kd3 Kc6 35. Kc4 b5+ 36. Kc3 Kd5 37. bxc5 Kxc5 38. Kb3 f6 39. exf6 gxf6
40. Kc3 e5 41. fxe5 fxe5 42. g4 Kd5 43. Kd3 Kc5 44. Kc3 1/2-1/2

[Event "XV Bancpost"]
[Site "Miercurea Ciuc"]
[Date "2012.08.09"]
[Round "9.19"]
[White "Sandor, Tamas"]
[Black "Jakab, Nandor"]
[Result "0-1"]
[WhiteElo "1555"]
[BlackElo "1652"]
[PlyCount "60"]
[EventDate "2012.??.??"]

1. e4 c5 2. Nf3 e6 3. d4 cxd4 4. Nxd4 a6 5. Nc3 Qc7 6. a3 Nf6 7. Be2 d6 8. Be3
b5 9. O-O Bb7 10. Bd3 Be7 11. Kh1 O-O 12. f4 Nbd7 13. Qf3 Rac8 14. Rae1 Nc5 15.
Bd2 Ncxe4 16. Bxe4 Nxe4 17. Nxe4 f5 18. Qe3 Bxe4 19. Nxe6 Qb7 20. Rf2 Rf6 21.
Nd4 Rg6 22. Ree2 Bh4 23. Qh3 Bxf2 24. Rxf2 Qd5 25. c3 Qa2 26. Be1 Re8 27. Kg1
Bxg2 28. Rxg2 Rxe1+ 29. Kf2 Qxb2+ 30. Kxe1 Rxg2 0-1

[Event "XV Bancpost"]
[Site "Miercurea Ciuc"]
[Date "2012.08.09"]
[Round "9.20"]
[White "Benedek, Laszlo"]
[Black "Ordog, Akos"]
[Result "1/2-1/2"]
[WhiteElo "1567"]
[BlackElo "1642"]
[PlyCount "46"]
[EventDate "2012.??.??"]

1. e4 c5 2. Nf3 e6 3. d4 cxd4 4. Nxd4 Nc6 5. Nb3 Nf6 6. Bd3 d5 7. exd5 Nxd5 8.
O-O Bd6 9. Bd2 Be5 10. Nc3 Nxc3 11. bxc3 Qf6 12. Nc5 O-O 13. Ne4 Qd8 14. Qh5 f5
15. Ng5 h6 16. Nf3 Qe8 17. Qh3 Qe7 18. Rfe1 Qf6 19. Nxe5 Nxe5 20. Qe3 Nxd3 21.
cxd3 Bd7 22. Rab1 Qg6 23. f3 b6 1/2-1/2

[Event "XV Bancpost"]
[Site "Miercurea Ciuc"]
[Date "2012.08.09"]
[Round "9.21"]
[White "Rosca, Grigore"]
[Black "Baratosi, Iosif-Gavril"]
[Result "1/2-1/2"]
[WhiteElo "1597"]
[BlackElo "1677"]
[PlyCount "54"]
[EventDate "2012.??.??"]

1. e4 c5 2. d4 cxd4 3. c3 dxc3 4. Nxc3 Nc6 5. Bf4 e5 6. Bg3 Bb4 7. Qb3 Nf6 8.
Bd3 O-O 9. Nge2 d6 10. O-O Be6 11. Nd5 Rb8 12. Bh4 Bc5 13. Bxf6 gxf6 14. Kh1
Kh8 15. f4 Nd4 16. Nxd4 Bxd4 17. f5 Bd7 18. Qd1 Bc6 19. Bc4 Bxb2 20. Rb1 Bd4
21. Qh5 Rg8 22. Rb3 Rg7 23. Nb4 Bxe4 24. Rg3 Qg8 25. Qh3 Rxg3 26. hxg3 Qg7 27.
Bd5 Bxd5 1/2-1/2

[Event "XV Bancpost"]
[Site "Miercurea Ciuc"]
[Date "2012.08.09"]
[Round "9.22"]
[White "Puscas, Filip-Andrei"]
[Black "Varga, Adrienn"]
[Result "0-1"]
[WhiteElo "1401"]
[BlackElo "1550"]
[PlyCount "86"]
[EventDate "2012.??.??"]

1. e4 c6 2. d4 d5 3. exd5 cxd5 4. c4 Nf6 5. Nc3 Nc6 6. Nf3 Bg4 7. Be3 e6 8. Bd3
dxc4 9. Bxc4 Bxf3 10. gxf3 Be7 11. O-O O-O 12. Kh1 Qc7 13. Rg1 Rfd8 14. Bb3 a6
15. Bc2 Bd6 16. Rg2 Ne7 17. Bh6 Ng6 18. Bxg6 hxg6 19. Bg5 Be7 20. Rc1 Qb6 21.
b3 Rxd4 22. Qe2 Qd6 23. Be3 Rd3 24. Ne4 Nxe4 25. fxe4 Rd8 26. Rgg1 Qe5 27. Bb6
R8d7 28. Rc8+ Kh7 29. Rg3 Rxg3 30. hxg3 Qh5+ 31. Qxh5+ gxh5 32. f3 Kg6 33. Rc7
Rxc7 34. Bxc7 f5 35. Be5 Bf6 36. Bxf6 Kxf6 37. Kg2 fxe4 38. fxe4 Ke5 39. Kf3 g5
40. a4 h4 41. b4 hxg3 42. Kxg3 Kxe4 43. Kf2 Kf4 0-1

[Event "XV Bancpost"]
[Site "Miercurea Ciuc"]
[Date "2012.08.09"]
[Round "9.23"]
[White "Oros, Vlad-Dragos"]
[Black "Fola, Marcel-Dan"]
[Result "1/2-1/2"]
[WhiteElo "1708"]
[BlackElo "1671"]
[PlyCount "77"]
[EventDate "2012.??.??"]

1. e4 e6 2. d4 d5 3. exd5 exd5 4. Bd3 Nc6 5. Be3 Nf6 6. Nd2 Bd6 7. Ngf3 O-O 8.
O-O Bg4 9. h3 Bh5 10. c3 Re8 11. Qc2 Bxf3 12. Nxf3 a5 13. Bg5 h6 14. Bh4 Be7
15. Bxf6 Bxf6 16. Bb5 Re6 17. Rfe1 Qd6 18. Rxe6 Qxe6 19. Re1 Qd6 20. a4 Ne7 21.
Bd3 b6 22. Qe2 Kf8 23. Ne5 Bxe5 24. Qxe5 Qxe5 25. Rxe5 c6 26. Kf1 Rb8 27. Re1
Ng8 28. b3 Nf6 29. b4 g6 30. Rb1 Nd7 31. bxa5 bxa5 32. Rxb8+ Nxb8 33. Ke2 Ke7
34. g4 Nd7 35. Ke3 Nb6 36. Bc2 Nc4+ 37. Ke2 Ke6 38. Bb3 Nd6 39. f3 1/2-1/2